[Event "4NCL Division 3"]
[Site "Daventry Court ENG"]
[Date "2015.03.21"]
[Round "7.1"]
[White "Woods, Timothy J"]
[Black "Alcock, Graham P"]
[Result "0-1"]
[WhiteElo "1739"]
[BlackElo "1730"]
[PlyCount "64"]
[EventDate "2015.03.21"]

1. e4 e5 2. Bc4 Nc6 3. Nf3 Bc5 4. c3 d6 5. O-O Bg4 6. d3 h6 7. Nbd2 Nge7 8. Re1
O-O 9. Nf1 a6 10. a4 Qc8 11. Ng3 Kh8 12. h3 Bxf3 13. Qxf3 f5 14. Qh5 f4 15. Nf1
Kh7 16. b4 Ba7 17. Rb1 g6 18. Qf3 Nd8 19. Bb2 Ne6 20. Bxe6 Qxe6 21. Nd2 g5 22.
d4 Ng6 23. d5 Qf7 24. Qh5 Qd7 25. Nf3 Qe7 26. c4 Rg8 27. Rec1 Raf8 28. c5 Nh4
29. Nxh4 gxh4 30. cxd6 cxd6 31. Kf1 f3 32. gxf3 Rg5 0-1

[Event "4NCL Division 3"]
[Site "Daventry Court ENG"]
[Date "2015.03.21"]
[Round "7.2"]
[White "Durrant, Paul EO"]
[Black "Hinterreither, Nikolai"]
[Result "1/2-1/2"]
[WhiteElo "1532"]
[BlackElo "1640"]
[PlyCount "75"]
[EventDate "2015.03.21"]

1. e4 c5 2. d4 cxd4 3. c3 Nc6 4. cxd4 d5 5. e5 Bf5 6. Nc3 e6 7. Be3 Bb4 8. Rc1
Nge7 9. a3 Bxc3+ 10. Rxc3 Rc8 11. Nf3 h6 12. Be2 O-O 13. O-O Qd7 14. Qd2 Bh7
15. g4 f5 16. g5 h5 17. Ne1 g6 18. Bf4 b6 19. Rh3 Kg7 20. Qd1 Qe8 21. Bb5 Bg8
22. Rc3 Qd7 23. Nd3 Qb7 24. Be3 a5 25. Qe2 Na7 26. Rxc8 Rxc8 27. Ba4 Bf7 28.
Nf4 Rc7 29. Qd2 Nec6 30. Bd1 Nb8 31. Be2 Nd7 32. Bd3 Nc6 33. Qe2 Na7 34. Rd1 b5
35. Rc1 Rxc1+ 36. Bxc1 Qc6 37. Bd2 a4 38. Bc3 1/2-1/2

[Event "4NCL Division 3"]
[Site "Daventry Court ENG"]
[Date "2015.03.21"]
[Round "7.3"]
[White "Dean, Michael J"]
[Black "Mason, Ian"]
[Result "0-1"]
[WhiteElo "1561"]
[BlackElo "1575"]
[PlyCount "62"]
[EventDate "2015.03.21"]

1. e4 c5 2. Nc3 Nc6 3. f4 d6 4. Nf3 g6 5. Bc4 Bg7 6. O-O Nf6 7. d3 O-O 8. a3 a6
9. Qe1 b5 10. Ba2 Qb6 11. Kh1 e5 12. f5 Nd4 13. Nxd4 cxd4 14. Nd5 Nxd5 15. Bxd5
Bb7 16. fxg6 hxg6 17. Bb3 Qd8 18. Qg3 d5 19. exd5 Bxd5 20. Bxd5 Qxd5 21. Qh3 f5
22. Bh6 e4 23. Bxg7 Kxg7 24. dxe4 fxe4 25. Qg3 Rac8 26. c3 d3 27. Qe3 d2 28.
Rfd1 Rcd8 29. b3 Qd3 30. Qa7+ Rf7 31. h3 Rxa7 0-1

[Event "4NCL Division 3"]
[Site "Daventry Court ENG"]
[Date "2015.03.21"]
[Round "7.9"]
[White "Gallagher, Daniel GH"]
[Black "Duncanson, Henry G"]
[Result "1/2-1/2"]
[WhiteElo "1856"]
[BlackElo "2092"]
[PlyCount "137"]
[EventDate "2015.03.21"]

1. e4 e6 2. d4 d5 3. Nd2 dxe4 4. Nxe4 Nd7 5. Nf3 Ngf6 6. Nxf6+ Nxf6 7. Bd3 Be7
8. Qe2 O-O 9. Bg5 Qd5 10. O-O Re8 11. c4 Qd8 12. Rad1 h6 13. Bf4 b6 14. Ne5 Bb7
15. a3 Qc8 16. Bc2 Rd8 17. Rfe1 a5 18. Qe3 Bf8 19. Qh3 c5 20. d5 g5 21. Ng4
Nxg4 22. Qxg4 exd5 23. Bf5 Qc6 24. cxd5 Rxd5 25. Be4 Rxd1 26. Qxd1 Qc8 27. Bxb7
Qxb7 28. Qg4 Bg7 29. Be5 Re8 30. f4 Bxe5 31. fxe5 Qd5 32. Qe4 Qxe4 33. Rxe4 Re6
34. Kf2 f6 35. Kf3 Kf7 36. exf6 Kxf6 37. Rc4 h5 38. Rc2 Kf5 39. h3 Re4 40. Rd2
Rd4 41. Rc2 Rd3+ 42. Ke2 Rb3 43. Kf2 c4 44. Rd2 Ke4 45. Re2+ Kf4 46. Rc2 b5 47.
a4 c3 48. bxc3 bxa4 49. Ke2 Ke4 50. Kd2 a3 51. Kc1 Kd5 52. c4+ Kc5 53. Rf2 Rg3
54. h4 Kxc4 55. hxg5 Rxg5 56. Kb1 Rb5+ 57. Ka1 Kb3 58. Rf3+ Ka4 59. g3 Rc5 60.
Re3 Kb4 61. Ka2 Rc2+ 62. Kb1 a2+ 63. Ka1 Rc3 64. Re5 Rc5 65. Re3 Kc4 66. Kxa2
Kd4 67. Re8 Re5 68. Rg8 Ke3 69. g4 1/2-1/2

[Event "4NCL Division 3"]
[Site "Daventry Court ENG"]
[Date "2015.03.21"]
[Round "7.10"]
[White "Bin-Suhayl, Ieysaa"]
[Black "Golding, James"]
[Result "1/2-1/2"]
[WhiteElo "1830"]
[BlackElo "1759"]
[PlyCount "127"]
[EventDate "2015.03.21"]

1. d4 d5 2. c4 e6 3. Nc3 c5 4. e3 Nc6 5. Nf3 Nf6 6. Be2 a6 7. a3 dxc4 8. Bxc4
b5 9. Ba2 Bb7 10. O-O Be7 11. dxc5 Bxc5 12. b4 Bb6 13. Bb2 O-O 14. Rc1 Qe7 15.
Qe2 Rac8 16. Rfd1 Rfd8 17. Bb1 Nb8 18. Ng5 Nbd7 19. Nce4 h6 20. Rxc8 Bxc8 21.
Nxf6+ Nxf6 22. Ne4 Rxd1+ 23. Qxd1 Nxe4 24. Bxe4 Qd7 25. Qxd7 Bxd7 26. Bb7 a5
27. Kf1 axb4 28. axb4 f6 29. Ke2 Kf7 30. f4 Ke7 31. g4 Bc7 32. Kf3 Kd6 33. h4
Bc6+ 34. Bxc6 Kxc6 35. e4 Bd6 36. Bc3 e5 37. fxe5 fxe5 38. h5 Kd7 39. g5 Ke6
40. Kg4 Be7 41. gxh6 gxh6 42. Bd2 Bf8 43. Kf3 Kf6 44. Kg4 Ke6 45. Be1 Be7 46.
Bd2 Bf8 47. Be3 Bxb4 48. Bxh6 Bc3 49. Kf3 b4 50. Ke2 b3 51. Kd1 Kf7 52. Kc1 Kg8
53. Bg5 Kh7 54. Be3 Kg7 55. Bg5 Kh7 56. Kb1 Kg7 57. Bc1 Kh7 58. Bb2 Bxb2 59.
Kxb2 Kh6 60. Kxb3 Kxh5 61. Kc4 Kg4 62. Kd3 Kf4 63. Kd2 Kxe4 64. Ke2 1/2-1/2

[Event "4NCL Division 3"]
[Site "Daventry Court ENG"]
[Date "2015.03.21"]
[Round "7.12"]
[White "Badger, Paul E R"]
[Black "Covey, Jason"]
[Result "1/2-1/2"]
[WhiteElo "1872"]
[BlackElo "1559"]
[PlyCount "149"]
[EventDate "2015.03.21"]

1. e4 e6 2. d4 d5 3. Nd2 Nf6 4. e5 Nfd7 5. Bd3 c5 6. c3 Nc6 7. Ne2 Be7 8. O-O
O-O 9. Nf3 Qb6 10. a3 f6 11. Nf4 fxe5 12. Nxe6 e4 13. Nxf8 Nxf8 14. dxc5 Bxc5
15. Be2 exf3 16. Qxd5+ Be6 17. Qxf3 Ne5 18. Qe4 Nfd7 19. b4 Be7 20. Bf4 Ng6 21.
Be3 Nf6 22. Qc2 Qc6 23. b5 Qe4 24. Qxe4 Nxe4 25. Bf3 Nxc3 26. Bxb7 Rb8 27. Bc6
Bc4 28. Bxa7 Bxf1 29. Bxb8 Bxb5 30. Bxb5 Nxb5 31. a4 Bf6 32. Ra2 Nc3 33. Ra3
Ne7 34. a5 Nc6 35. a6 Nb5 36. a7 Ncxa7 37. Rxa7 Nxa7 38. Bxa7 Kf7 39. f3 g5 40.
Kf2 h5 41. h3 h4 42. Ke3 Be5 43. Ke4 Kf6 44. Be3 Bg3 45. Bd4+ Kg6 46. Be5 Be1
47. Bc7 Kf6 48. Ke3 Kf5 49. Ke2 Bc3 50. g4+ hxg3 51. Bxg3 Be5 52. Bxe5 Kxe5 53.
Ke3 Kf5 54. Kf2 Kf4 55. Kg2 Kf5 56. Kg3 Kf6 57. Kf2 Kf5 58. Ke3 Ke5 59. Kf2 Kf5
60. Kg3 Kf6 61. Kg4 Kg6 62. h4 gxh4 63. Kxh4 Kf5 64. Kg3 Kg5 65. f4+ Kf5 66.
Kf3 Kf6 67. Ke4 Ke6 68. f5+ Kf6 69. Kf4 Kf7 70. Kg5 Kg7 71. Kg4 Kf6 72. Kf4 Kg7
73. Ke4 Kf6 74. Kf4 Kf7 75. Ke5 1/2-1/2

[Event "4NCL Division 3"]
[Site "Daventry Court ENG"]
[Date "2015.03.21"]
[Round "7.13"]
[White "Ragavan, Soumiya"]
[Black "Van der Veen, Ailko"]
[Result "0-1"]
[WhiteElo "1385"]
[BlackElo "1682"]
[PlyCount "180"]
[EventDate "2015.03.21"]

1. c4 e5 2. Nc3 Nc6 3. g3 Nf6 4. Bg2 Bc5 5. d3 O-O 6. Nf3 d5 7. Bg5 dxc4 8.
dxc4 Qxd1+ 9. Rxd1 Ng4 10. O-O h6 11. Bc1 Be6 12. Nd5 Rad8 13. e3 Nb4 14. Nxb4
Bxb4 15. b3 Bd6 16. Bb2 Rde8 17. h3 Nf6 18. Bxe5 Bxe5 19. Nxe5 Bxh3 20. Bxh3
Rxe5 21. Rd2 Ne4 22. Rd7 Rc5 23. Rfd1 Nf6 24. Re7 Ne8 25. Rd4 Nd6 26. Bg2 Nf5
27. b4 Nxe7 28. bxc5 Nc6 29. Bxc6 bxc6 30. Rd7 Rc8 31. f4 Kf8 32. Kf2 Ke8 33.
Rd2 Rb8 34. Kf3 Ke7 35. g4 Rb4 36. Rc2 Ke6 37. Ke4 a5 38. Kd4 f5 39. g5 h5 40.
Rh2 g6 41. Kc3 Rb8 42. Rd2 a4 43. Rd1 a3 44. Rh1 Ke7 45. Kd4 Rb2 46. Kc3 Rxa2
47. Kb3 Re2 48. Kxa3 Rxe3+ 49. Kb4 Rf3 50. Rh4 Kd7 51. Ka5 Kc8 52. Kb4 Kb7 53.
Ka5 Ka7 54. Kb4 Ka6 55. Ka4 Rg3 56. Rh1 Rg4 57. Rf1 h4 58. Rf3 Rg3 59. Rf1 h3
60. Rh1 Rf3 61. Kb4 Kb7 62. Rh2 Kc8 63. Rh1 Kd8 64. Rd1+ Ke7 65. Re1+ Kf7 66.
Rh1 Kg7 67. Ka5 Rxf4 68. Rxh3 Rxc4 69. Ka6 Rxc5 70. Rg3 f4 71. Rf3 Rf5 72. Kb7
c5 73. Kxc7 Kf7 74. Kd6 c4 75. Kd7 c3 76. Rxc3 f3 77. Rc1 f2 78. Rf1 Rd5+ 79.
Kc6 Rd2 80. Kc5 Ke6 81. Kc4 Kf5 82. Kc3 Ra2 83. Kd3 Kxg5 84. Ke3 Kg4 85. Rxf2
Rxf2 86. Kxf2 Kh3 87. Kg1 g5 88. Kh1 g4 89. Kg1 Kg3 90. Kh1 Kf2 0-1

[Event "4NCL Division 3"]
[Site "Daventry Court ENG"]
[Date "2015.03.21"]
[Round "7.19"]
[White "Evans, Craig"]
[Black "Somerset, William"]
[Result "1-0"]
[WhiteElo "1976"]
[BlackElo "1941"]
[PlyCount "77"]
[EventDate "2015.03.21"]

1. e4 c5 2. Nf3 Nc6 3. b4 cxb4 4. d4 d5 5. exd5 Qxd5 6. c4 Qe4+ 7. Be3 Bf5 8.
Nbd2 Qc2 9. Qxc2 Bxc2 10. Rc1 Ba4 11. d5 Na5 12. Rb1 e6 13. dxe6 fxe6 14. Ng5
Bc2 15. Nxe6 Bxb1 16. Nc7+ Kd7 17. Nxa8 Bxa2 18. Bxa7 b3 19. Nb6+ Kc6 20. g3
Bb4 21. Bg2+ Kd6 22. O-O Nc6 23. Ne4+ Ke6 24. Nd5 Ba5 25. Nf4+ Kf7 26. Bc5 Nge7
27. Nd6+ Kf6 28. Ne4+ Kf7 29. Nd6+ Kf6 30. h4 g6 31. Ba3 Bb6 32. c5 Bc7 33.
Bb2+ Ne5 34. Nd3 Rd8 35. Bxe5+ Ke6 36. Bh3+ Kd5 37. Bg2+ Ke6 38. Bf4 b6 39.
Re1+ 1-0

[Event "4NCL Division 3"]
[Site "Daventry Court ENG"]
[Date "2015.03.21"]
[Round "7.20"]
[White "McCarthy, Damian"]
[Black "Wagner, Guy"]
[Result "1-0"]
[WhiteElo "1847"]
[BlackElo "1817"]
[PlyCount "115"]
[EventDate "2015.03.21"]

1. e4 e6 2. d4 d5 3. Nc3 Be7 4. Be3 Nf6 5. e5 Nfd7 6. f4 c5 7. dxc5 Nxc5 8. Qd2
Nc6 9. Nf3 O-O 10. O-O-O a6 11. Nd4 Nxd4 12. Bxd4 b5 13. Bd3 Nxd3+ 14. cxd3 b4
15. Ne2 a5 16. Kb1 Bd7 17. Rc1 Rc8 18. Rxc8 Qxc8 19. Rc1 Qb7 20. Bc5 Bxc5 21.
Rxc5 Rc8 22. Qc2 Rxc5 23. Qxc5 Qb5 24. Qxb5 Bxb5 25. Kc2 Kf8 26. Nd4 Bd7 27.
Kd2 Ke7 28. Nb3 a4 29. Nd4 f6 30. b3 g5 31. g3 fxe5 32. fxe5 h5 33. Ke3 Kf7 34.
Nc2 Kg6 35. d4 Kf5 36. Kf3 Be8 37. Nxb4 axb3 38. axb3 Bb5 39. Nc2 Bd3 40. Ne3+
Kg6 41. Kf2 h4 42. Ke1 Kf7 43. Kd2 Ba6 44. Kc3 hxg3 45. hxg3 Ke7 46. Kb4 Kd7
47. Kc5 Kc7 48. Ng4 Be2 49. Nf6 Bd3 50. b4 Bf5 51. b5 g4 52. Ne8+ Kb7 53. Nd6+
Kb8 54. b6 Bd3 55. Nf7 Bg6 56. Nd8 Kc8 57. Kd6 Bf5 58. Nxe6 1-0

[Event "4NCL Division 3"]
[Site "Daventry Court ENG"]
[Date "2015.03.21"]
[Round "7.22"]
[White "Slinger, AJ (Tony)"]
[Black "Robinson, Owen"]
[Result "1/2-1/2"]
[WhiteElo "1938"]
[BlackElo "1384"]
[PlyCount "40"]
[EventDate "2015.03.21"]

1. c4 e6 2. Nc3 d5 3. d4 Nf6 4. cxd5 exd5 5. Bg5 Nbd7 6. e3 c6 7. Bd3 Bb4 8.
Nge2 O-O 9. O-O Bd6 10. Qb1 Qc7 11. Bf4 Bxf4 12. Nxf4 Nb6 13. Re1 Bd7 14. Bf1
g6 15. h3 Ne8 16. Qc1 f5 17. Nd3 Bc8 18. Qc2 Qd6 19. Rac1 Nf6 20. f4 Re8
1/2-1/2

[Event "4NCL Division 3"]
[Site "Daventry Court ENG"]
[Date "2015.03.21"]
[Round "7.23"]
[White "Larter, Nick"]
[Black "Johnson, Paul"]
[Result "1-0"]
[WhiteElo "1773"]
[BlackElo "1902"]
[PlyCount "109"]
[EventDate "2015.03.21"]

1. e4 e5 2. Bc4 Nf6 3. d4 exd4 4. Nf3 Nc6 5. e5 d5 6. Bb5 Ne4 7. Nxd4 Bd7 8.
Bxc6 bxc6 9. O-O Bc5 10. Be3 Qe7 11. f3 Ng5 12. f4 Ne4 13. Nd2 Nxd2 14. Qxd2
O-O 15. Nb3 Bxe3+ 16. Qxe3 Bf5 17. Rf2 Rfb8 18. c3 Rb6 19. Nc5 Rb5 20. b4 a5
21. Rb2 axb4 22. cxb4 Rab8 23. Qd4 Rxc5 24. bxc5 Rxb2 25. Qxb2 Qxc5+ 26. Kh1
Qb5 27. Qxb5 cxb5 28. Rc1 Kf8 29. Rxc7 Bd3 30. a3 Bc4 31. Kg1 d4 32. Kf2 Ke8
33. g3 Kd8 34. Ra7 g6 35. h3 h5 36. g4 hxg4 37. hxg4 Be6 38. f5 gxf5 39. gxf5
Bxf5 40. Rxf7 Be6 41. Rf6 Ke7 42. Ke1 Bc4 43. Kd2 d3 44. Kc3 Ke8 45. Rd6 Ke7
46. Rxd3 Bxd3 47. Kxd3 Kd7 48. Kd4 Kc6 49. Ke4 Kc5 50. Kf5 Kc4 51. e6 Kb3 52.
e7 Kxa3 53. e8=Q b4 54. Qe1 b3 55. Qb1 1-0

[Event "4NCL Division 3"]
[Site "Daventry Court ENG"]
[Date "2015.03.21"]
[Round "7.24"]
[White "Patrick, David A"]
[Black "Kitchen, Peter"]
[Result "1-0"]
[WhiteElo "1871"]
[BlackElo "1693"]
[PlyCount "55"]
[EventDate "2015.03.21"]

1. e4 e6 2. d4 d5 3. Nc3 Nf6 4. e5 Nfd7 5. f4 c5 6. Nf3 Nc6 7. Be3 a6 8. Qd2
cxd4 9. Nxd4 Bc5 10. Qf2 Qb6 11. O-O-O Bxd4 12. Bxd4 Nxd4 13. Qxd4 Qxd4 14.
Rxd4 O-O 15. Be2 f6 16. exf6 Nxf6 17. g4 Ne4 18. Nxe4 Rxf4 19. Rf1 Rxe4 20.
Rxe4 dxe4 21. Rf4 Bd7 22. Rxe4 Rf8 23. Bc4 Rf2 24. Rd4 Bc8 25. Rd8+ Rf8 26.
Rxc8 Rxc8 27. Bxe6+ Kf8 28. Bxc8 1-0

[Event "4NCL Division 3"]
[Site "Daventry Court ENG"]
[Date "2015.03.21"]
[Round "7.39"]
[White "Willetts, Stephen"]
[Black "Brown, David E"]
[Result "0-1"]
[WhiteElo "2011"]
[BlackElo "1960"]
[PlyCount "48"]
[EventDate "2015.03.21"]

1. d4 d5 2. c4 e6 3. Nc3 Nf6 4. Bg5 Be7 5. Nf3 O-O 6. e3 Ne4 7. Nxe4 dxe4 8.
Bxe7 Qxe7 9. Nd2 e5 10. d5 f5 11. Qb3 Kh8 12. g4 Na6 13. Qc3 Nc5 14. gxf5 Bxf5
15. b4 Nd3+ 16. Bxd3 exd3 17. e4 Bg4 18. Qxd3 Qxb4 19. Qg3 Rf4 20. Qe3 Rf3 21.
Qg5 Qc3 22. Rb1 Rf4 23. f3 Bxf3 24. O-O Rg4+ 0-1

[Event "4NCL Division 3"]
[Site "Daventry Court ENG"]
[Date "2015.03.21"]
[Round "7.40"]
[White "Fogg, Martin"]
[Black "Jackson, Gary C"]
[Result "1-0"]
[WhiteElo "1933"]
[BlackElo "1857"]
[PlyCount "77"]
[EventDate "2015.03.21"]

1. e4 c5 2. Nf3 d6 3. d4 cxd4 4. Nxd4 Nf6 5. Nc3 g6 6. Be3 Bg7 7. Qd2 Nc6 8. f3
O-O 9. Bc4 Bd7 10. O-O-O Rc8 11. Bb3 Ne5 12. g4 b5 13. g5 Nh5 14. Nce2 Nc4 15.
Bxc4 bxc4 16. Nc3 Rb8 17. Nde2 Qa5 18. Bd4 Bxd4 19. Qxd4 Qxg5+ 20. Kb1 Be6 21.
Qxa7 Ra8 22. h4 Qf6 23. Qe3 Rfb8 24. Nd4 Bd7 25. Nd5 Qe5 26. f4 Qg7 27. Nxe7+
Kf8 28. Nd5 Ra6 29. Rhf1 Be6 30. Nc7 Rxb2+ 31. Kxb2 Rb6+ 32. Kc1 Bg4 33. Nde6+
fxe6 34. Qxb6 Qa1+ 35. Qb1 Qc3 36. Qb8+ Kg7 37. Ne8+ Kh6 38. Qxd6 Qe3+ 39. Kb1
1-0

[Event "4NCL Division 3"]
[Site "Daventry Court ENG"]
[Date "2015.03.21"]
[Round "7.41"]
[White "Price, Andrew"]
[Black "Hall, Antony"]
[Result "1/2-1/2"]
[WhiteElo "1827"]
[BlackElo "1910"]
[PlyCount "69"]
[EventDate "2015.03.21"]

1. Nf3 Nf6 2. d4 d6 3. g3 g6 4. Bg2 Bg7 5. O-O O-O 6. Nc3 c6 7. a4 Nbd7 8. e4
Qc7 9. Qe2 e5 10. dxe5 dxe5 11. b3 b6 12. Rd1 Nc5 13. Bb2 Ba6 14. Qe1 Rad8 15.
b4 Ne6 16. b5 Bb7 17. bxc6 Bxc6 18. Nb5 Bxb5 19. axb5 Rxd1 20. Rxd1 Qxc2 21.
Bxe5 Qxe4 22. Qd2 Nc5 23. Qa2 Qa4 24. Qxa4 Nxa4 25. Ra1 Nc5 26. Rxa7 Nfd7 27.
Bd6 Re8 28. Bh3 Ne5 29. Nxe5 Bxe5 30. Bxc5 bxc5 31. b6 Kg7 32. Bd7 Rb8 33. b7
Rd8 34. Bc6 Kf6 35. Bb5 1/2-1/2

[Event "4NCL Division 3"]
[Site "Daventry Court ENG"]
[Date "2015.03.21"]
[Round "7.43"]
[White "Rowan, Daniel"]
[Black "Woodcock, Keith"]
[Result "1/2-1/2"]
[WhiteElo "1771"]
[BlackElo "1660"]
[PlyCount "70"]
[EventDate "2015.03.21"]

1. d4 d5 2. Bg5 f6 3. Bh4 Nc6 4. Nf3 Nh6 5. e3 Nf5 6. Bg3 Nxg3 7. hxg3 Bf5 8.
Bd3 Qd7 9. Nc3 O-O-O 10. Rh5 e6 11. Bxf5 exf5 12. a3 g6 13. Rh1 h5 14. b4 Re8
15. Qd3 Bh6 16. Kf1 Qf7 17. Nd2 Re7 18. Nb3 Nb8 19. a4 Rhe8 20. Re1 f4 21. gxf4
Bxf4 22. Nb5 a6 23. Na7+ Kd8 24. Na5 c6 25. b5 Kc7 26. bxc6 bxc6 27. Qb3 Kd7
28. Qb7+ Bc7 29. N7xc6 Re6 30. Nxb8+ Rxb8 31. Qxd5+ Ke8 32. Nc4 Qd7 33. Qxd7+
Kxd7 34. Ke2 Rc6 35. Kd3 Rb4 1/2-1/2

[Event "4NCL Division 3"]
[Site "Daventry Court ENG"]
[Date "2015.03.21"]
[Round "7.49"]
[White "Corcoran, Gary"]
[Black "Fowler, David W"]
[Result "0-1"]
[WhiteElo "1869"]
[BlackElo "1879"]
[PlyCount "60"]
[EventDate "2015.03.21"]

1. e4 c6 2. d4 d5 3. e5 Bf5 4. Ne2 e6 5. Ng3 Bg6 6. h4 h5 7. Bd3 Bxd3 8. cxd3
Qb6 9. Be3 c5 10. dxc5 Qxb2 11. Nd2 Qxe5 12. d4 Qc7 13. Nxh5 Nc6 14. Qg4 g6 15.
Nf4 Nh6 16. Nxe6 Qd7 17. Bxh6 Rxh6 18. O-O fxe6 19. Rfe1 O-O-O 20. Nf3 e5 21.
Qxd7+ Rxd7 22. dxe5 Bxc5 23. Rac1 b6 24. Red1 Kd8 25. e6 Rd6 26. Ng5 Rxh4 27.
Nf7+ Ke7 28. Nxd6 Kxd6 29. Re1 Rf4 30. Re2 Nd4 0-1

[Event "4NCL Division 3"]
[Site "Daventry Court ENG"]
[Date "2015.03.21"]
[Round "7.50"]
[White "Cresswell, Mike J"]
[Black "Dean, Robert A"]
[Result "1/2-1/2"]
[WhiteElo "1762"]
[BlackElo "1862"]
[PlyCount "70"]
[EventDate "2015.03.21"]

1. e4 e6 2. d4 d5 3. Nc3 Bb4 4. e5 c5 5. a3 Bxc3+ 6. bxc3 Ne7 7. Nf3 Qa5 8. Bd2
Nbc6 9. Bd3 Bd7 10. O-O c4 11. Be2 Qa4 12. h3 f6 13. exf6 gxf6 14. Nh2 O-O-O
15. Ng4 Rhf8 16. Bf4 Nf5 17. Qb1 h5 18. Nxf6 Rxf6 19. Bg5 Rff8 20. Bxd8 Rxd8
21. Bxh5 Rg8 22. Kh2 Qa5 23. Qe1 Nh4 24. g3 Qc7 25. f4 Nf5 26. Bg4 Nce7 27.
Bxf5 Nxf5 28. g4 Nd6 29. Qe5 Ne4 30. Qxc7+ Kxc7 31. Rf3 Be8 32. Rg1 Rf8 33. h4
Nd2 34. Rf2 Ne4 35. Rf3 Nd2 1/2-1/2

[Event "4NCL Division 3"]
[Site "Daventry Court ENG"]
[Date "2015.03.21"]
[Round "7.51"]
[White "Bramson, Mike"]
[Black "Grey, Nicholas D"]
[Result "1-0"]
[WhiteElo "1822"]
[BlackElo "1751"]
[PlyCount "69"]
[EventDate "2015.03.21"]

1. e4 d6 2. d4 Nf6 3. Nc3 g6 4. Nf3 Bg7 5. Be3 c6 6. Qd2 Ng4 7. Bc4 Nxe3 8.
fxe3 b5 9. Bb3 O-O 10. O-O a5 11. a3 Na6 12. Qf2 e6 13. Rad1 Qe7 14. Qg3 Bd7
15. Ne2 d5 16. e5 a4 17. Ba2 b4 18. axb4 Nxb4 19. Bb1 a3 20. bxa3 Rxa3 21. c3
Na2 22. Qe1 c5 23. Bxa2 Rxa2 24. Rb1 Rfa8 25. Rb7 Qe8 26. Ng5 Ra1 27. Qxa1 Rxa1
28. Rxa1 Qd8 29. Nxf7 Kxf7 30. Raa7 Ke8 31. Rxd7 Qxd7 32. Rxd7 Kxd7 33. Kf2 c4
34. Kf3 Bf8 35. e4 1-0

[Event "4NCL Division 3"]
[Site "Daventry Court ENG"]
[Date "2015.03.21"]
[Round "7.53"]
[White "Garcia Castro, Veronica"]
[Black "Cooke, Charlie"]
[Result "1/2-1/2"]
[WhiteElo "1729"]
[BlackElo "1739"]
[PlyCount "43"]
[EventDate "2015.03.21"]

1. d4 d5 2. c4 e6 3. Nc3 Nf6 4. e3 Be7 5. Nf3 O-O 6. Bd3 b6 7. O-O Bb7 8. b3
Nbd7 9. Bb2 c5 10. Rc1 cxd4 11. Nxd4 Ne5 12. Be2 dxc4 13. f4 Nd3 14. Bxd3 cxd3
15. Qxd3 Rc8 16. Qe2 Bc5 17. Na4 Be7 18. Rxc8 Bxc8 19. Nc6 Qd7 20. Nxe7+ Qxe7
21. Rf3 Ne4 22. Nc3 1/2-1/2

[Event "4NCL Division 3"]
[Site "Daventry Court ENG"]
[Date "2015.03.21"]
[Round "7.54"]
[White "Green, George"]
[Black "Grobler, David"]
[Result "0-1"]
[WhiteElo "1520"]
[BlackElo "1665"]
[PlyCount "62"]
[EventDate "2015.03.21"]

1. Nf3 d5 2. d4 Nf6 3. c4 e6 4. Nc3 c6 5. e3 Nbd7 6. Bd3 dxc4 7. Bxc4 b5 8. Bd3
Bb7 9. O-O Bd6 10. a3 O-O 11. b4 a5 12. Rb1 axb4 13. axb4 Qe7 14. Qb3 e5 15. e4
exd4 16. Nxd4 Qe5 17. Nf3 Qh5 18. Ne2 c5 19. bxc5 Nxc5 20. Qb4 Rfd8 21. Bc2
Ncxe4 22. Qxb5 Qxb5 23. Rxb5 Ba6 24. Bxe4 Nxe4 25. Rb2 Re8 26. Rd1 Bc5 27. Nfd4
Rad8 28. Be3 Bxe2 29. Rxe2 Nc3 30. Rc2 Nxd1 31. Rxc5 Rxd4 0-1

[Event "4NCL Division 3"]
[Site "Daventry Court ENG"]
[Date "2015.03.21"]
[Round "7.59"]
[White "Kruk, Karina"]
[Black "Taylor, Robert.K"]
[Result "0-1"]
[WhiteElo "1794"]
[BlackElo "1964"]
[PlyCount "108"]
[EventDate "2015.03.21"]

1. d4 d5 2. Nf3 Nd7 3. e3 g6 4. c4 c6 5. Nc3 Ngf6 6. Qb3 e6 7. Bd2 Be7 8. Rc1
Ne4 9. cxd5 Nxd2 10. Nxd2 exd5 11. g3 O-O 12. Bg2 Nf6 13. O-O Rb8 14. Rfd1 Be6
15. Na4 Qe8 16. Nc5 Bf5 17. e4 Bxc5 18. exf5 Bxd4 19. Nf3 Bb6 20. fxg6 hxg6 21.
Re1 Ne4 22. Rc2 Qe7 23. Nh4 Qf6 24. Bxe4 Rbe8 25. Qf3 Qxf3 26. Nxf3 Rxe4 27.
Rd1 f6 28. Kf1 Rfe8 29. b3 Kf7 30. a3 a6 31. h3 Bc7 32. Rd3 Bd6 33. b4 Bb8 34.
Ra2 Rc4 35. Kg2 Ba7 36. g4 Re7 37. Rad2 Ree4 38. Ra2 Rc1 39. Rb3 Rd1 40. a4 Bb6
41. b5 axb5 42. a5 Bd8 43. a6 bxa6 44. Rxa6 Rc1 45. Rd3 Ra4 46. Rxa4 bxa4 47.
Ra3 Rc4 48. g5 Be7 49. Ra2 Rb4 50. Kf1 a3 51. gxf6 Kxf6 52. Rc2 c5 53. Ra2 Rb3
54. Kg2 c4 0-1

[Event "4NCL Division 3"]
[Site "Daventry Court ENG"]
[Date "2015.03.21"]
[Round "7.60"]
[White "Collins, Richard.A"]
[Black "Kourtseva, Julie"]
[Result "1/2-1/2"]
[WhiteElo "1788"]
[BlackElo "1760"]
[PlyCount "55"]
[EventDate "2015.03.21"]

1. d4 d5 2. c4 c6 3. cxd5 cxd5 4. Nc3 Nf6 5. Nf3 e6 6. Bg5 Nbd7 7. e3 Be7 8.
Bd3 O-O 9. O-O a6 10. a4 b6 11. Qe2 Bb7 12. Rfc1 Ne4 13. Bxe7 Qxe7 14. Bxe4
dxe4 15. Nd2 f5 16. f4 exf3 17. gxf3 Rf6 18. e4 Rg6+ 19. Kh1 fxe4 20. Ncxe4 Nf6
21. Rg1 Rh6 22. Qe3 Kh8 23. Nxf6 Qxf6 24. Rac1 Rh3 25. Rg3 Rxg3 26. hxg3 Rf8
27. Rc3 Qg6 28. Kg2 1/2-1/2

[Event "4NCL Division 3"]
[Site "Daventry Court ENG"]
[Date "2015.03.21"]
[Round "7.61"]
[White "Mirza, Diana"]
[Black "Coward, Neil"]
[Result "0-1"]
[WhiteElo "1758"]
[BlackElo "1815"]
[PlyCount "90"]
[EventDate "2015.03.21"]

1. e4 c5 2. Nf3 Nc6 3. Bb5 Nd4 4. Nxd4 cxd4 5. O-O g6 6. d3 Bg7 7. Nd2 Nf6 8.
Qf3 O-O 9. e5 Ne8 10. Qe4 d6 11. Bxe8 Rxe8 12. f4 dxe5 13. fxe5 Qc7 14. Nc4 Be6
15. Qxd4 Bxc4 16. Qxc4 Qxc4 17. dxc4 Bxe5 18. Rb1 Rac8 19. b3 Red8 20. Be3 Bd4
21. Kf2 e5 22. Rbd1 Bxe3+ 23. Kxe3 f5 24. g3 Kf7 25. Rd3 e4 26. Rxd8 Rxd8 27.
g4 Kf6 28. Rf2 Rd7 29. gxf5 gxf5 30. Kf4 Rd1 31. a4 h6 32. Re2 Rf1+ 33. Ke3 Ke5
34. Rd2 Rf3+ 35. Ke2 Rh3 36. Kf1 Kf4 37. Rf2+ Rf3 38. c5 Rxf2+ 39. Kxf2 Ke5 40.
b4 Kd5 41. Ke3 Ke5 42. c3 f4+ 43. Ke2 Kd5 44. h3 a5 45. c4+ Kc6 0-1

[Event "4NCL Division 3"]
[Site "Daventry Court ENG"]
[Date "2015.03.21"]
[Round "7.62"]
[White "Whitehead, Mark.A"]
[Black "Mirza, Gabriel"]
[Result "1/2-1/2"]
[WhiteElo "2001"]
[BlackElo "1760"]
[PlyCount "116"]
[EventDate "2015.03.21"]

1. e4 Nc6 2. Nc3 d6 3. g3 Nf6 4. Bg2 Bg4 5. f3 Bh5 6. Nh3 e5 7. O-O h6 8. d3 g5
9. Nf2 Nd4 10. Nd5 c6 11. Ne3 Bg6 12. c3 Ne6 13. Bh3 Be7 14. Bf5 Nh5 15. Nfg4
Qb6 16. Kh1 Nhg7 17. b4 h5 18. Nc4 Qc7 19. Nge3 b5 20. Na5 Bxf5 21. exf5 Nd8
22. d4 d5 23. a4 bxa4 24. Qxa4 exd4 25. Nxd5 Qd6 26. Nxe7 Kxe7 27. Bxg5+ f6 28.
Bf4 Qd7 29. Rae1+ Kf7 30. Qa2+ Kf8 31. Nc4 Nxf5 32. Nb6 axb6 33. Qxa8 Kg7 34.
Qa2 dxc3 35. Rd1 Qb7 36. Qc4 Nf7 37. Qxc3 Ne7 38. Qb3 Nd5 39. b5 Nxf4 40. bxc6
Qxc6 41. gxf4 Nh6 42. Qd5 Qxd5 43. Rxd5 Nf7 44. Rb1 Rb8 45. Rxh5 Nd6 46. f5 Nf7
47. Rh4 b5 48. Rd4 Rb7 49. Kg2 Kf8 50. Kf2 Nh6 51. Rd5 b4 52. Ke2 Nf7 53. f4
Rb6 54. Rb3 Nd6 55. Kd3 Ke7 56. Kd4 Kd7 57. Kd3 Kc6 58. Ra5 Nb7 1/2-1/2

[Event "4NCL Division 3"]
[Site "Daventry Court ENG"]
[Date "2015.03.21"]
[Round "7.63"]
[White "Lovell, William PM"]
[Black "Lonsdale, Jon.I"]
[Result "1/2-1/2"]
[WhiteElo "1489"]
[BlackElo "1766"]
[PlyCount "51"]
[EventDate "2015.03.21"]

1. e4 c5 2. Nc3 Nc6 3. f4 e6 4. Nf3 d5 5. d3 Nf6 6. Be2 Be7 7. O-O O-O 8. Qe1
a6 9. a4 Rb8 10. Bd1 b5 11. axb5 axb5 12. h3 b4 13. Nb1 dxe4 14. dxe4 Bb7 15.
Nbd2 Ra8 16. Rxa8 Qxa8 17. g4 Nd4 18. Nxd4 cxd4 19. e5 Ne4 20. Nb3 Rd8 21. Be2
Nc5 22. Nxc5 Bxc5 23. Bd3 Ba6 24. Qe2 Bxd3 25. Qxd3 Qd5 26. b3 1/2-1/2